| 000 | 00000nam 2200000zi 4500 |
| 001 | 9.940997 |
| 003 | CaOODSP |
| 005 | 20250206125415 |
| 006 | m o d f |
| 007 | cr |n||||||||| |
| 008 | 240724s2014 oncd ob f|0| 0 fre d |
| 040 | |aCaOODSP|bfre|erda|cCaOODSP |
| 043 | |an-cn--- |
| 086 | 1 |aA104-606/2014F-PDF |
| 245 | 00|aEnquêtes ciblées rapport : |b2013-2014 - allergènes : présence non déclarée de soja et de gluten dans les céréales pour nourrissons. |
| 246 | 10|aPrésence non déclarée de soja et de gluten dans les céréales pour nourrissons |
| 264 | 1|a[Ottawa] : |bAgence canadienne d'inspection des aliments = Canadian Food Inspection Agency, |c[2014] |
| 300 | |a1 ressource en ligne (14 pages) : |bgraphiques |
| 336 | |atexte|btxt|2rdacontent/fre |
| 337 | |ainformatique|bc|2rdamedia/fre |
| 338 | |aressource en ligne|bcr|2rdacarrier/fre |
| 500 | |aPublié aussi en anglais sous le titre : Targeted surveys report: 2013-2014 allergens - undeclared soy and gluten in infant cereal. |
| 504 | |aComprend des références bibliographiques (pages 13-14). |
| 650 | 6|aAliments pour nourrissons|zCanada. |
| 650 | 6|aCéréales préparées|zCanada. |
| 650 | 6|aProduits du soja|zCanada. |
| 650 | 6|aAliments|xTeneur en gluten|zCanada. |
| 650 | 6|aAllergènes|zCanada|xAnalyse. |
| 650 | 6|aAliments pour nourrissons|xContamination|zCanada. |
| 650 | 6|aAliments|xInspection|zCanada. |
| 710 | 2 |aAgence canadienne d'inspection des aliments, |eorganisme de publication. |
| 775 | 08|tTargeted surveys report : |w(CaOODSP)9.938137 |
| 856 | 40|qPDF|s733 Ko|uhttps://publications.gc.ca/collections/collection_2024/acia-cfia/A104-606-2014-fra.pdf |